Normal view
MARC view
Entry Personal Name
001 - CONTROL NUMBER
- control field: 24903
003 - CONTROL NUMBER IDENTIFIER
- control field: ARRUPE
005 - DATE AND TIME OF LATEST TRANSACTION
- control field: 20160812091959.0
008 - FIXED-LENGTH DATA ELEMENTS
- fixed length control field: 160812|| aca||aabn | a|a d
040 ## - CATALOGING SOURCE
- Original cataloging agency: ARRUPE
- Transcribing agency: ARRUPE
100 ## - HEADING--PERSONAL NAME
- Personal name: Hausherr, Irénée,
- Dates associated with a name: 1891-1978.
670 ## - SOURCE DATA FOUND
- Source citation: Work cat.: (ARRUPE)0: Hausherr, Irénée, 1891-1978., Spiritual direction in the ancient christian east /, 1989.